Detalles MARC
| 000 -LIDER |
| fixed length control field |
01070nam a22003137a 4500 |
| 003 - IDENTIFICACDOR DE NÚMERO DE CONTROL |
| control field |
DO-SdBPM |
| 005 - DATE AND TIME OF LATEST TRANSACTION |
| control field |
20250221092235.0 |
| 008 - ELEMENTOS DE LONGITUD FIJA |
| fixed length control field |
161031b2008 ch a 00| 0 spa d |
| 020 ## - ISBN |
| International Standard Book Number |
9781407533186 |
| 020 ## - ISBN |
| International Standard Book Number |
|
| 040 ## - FUENTE DE CATALOGACIÓN |
| Agencia que crea de manera original el registro |
DO-SdBPM |
| Idioma de catalogación |
spa |
| Agencia que realiza la transcripción |
BPMSU |
| 082 #4 - NÚMERO DE CLASIFICACIÓN DECIMAL DE DEWEY |
| Classification number |
823.91 |
| Item number |
H282p 2008 |
| Edition number |
22 |
| 100 1# - ASIENTO PRINCIPAL -- NOMBRE PERSONAL |
| Nombre personal |
Harker, Jillian |
| 245 10 - MENCIÓN DE TITULO |
| Título |
¡Por favor! ¡Gracias! / |
| Mención de responsabilidad |
Jillian Harker ; Colaborador(es): O'Neill, Rachael ilustrador |
| 260 ## - PUBLICACIÓN, DISTRIBUCIÓN, ETC. (PIE DE IMPRENTA) |
| Lugar de publicación, distribución, etc |
New York : |
| Nombre del editor, distribuidor, etc. |
Parragón, |
| Fecha de publicación, distribución, etc |
2008 |
| 300 ## - DESCRIPCIÓN FÍSICA |
| Extensión |
(27) p. : |
| Otros detalles físicos |
il. ; |
| Dimensiones |
24 cm. |
| 490 0# - MENCIÓN DE SERIES |
| Mención de serie |
Buenos Modales |
| 500 ## - NOTA GENERAL |
| Nota general |
Libro de pasta dura. |
| 500 ## - NOTA GENERAL |
| Nota general |
Basado en los cuentos de Winnie the Pooh de A. A. Milne y las ilustraciones de E. H. Shepard |
| 500 ## - NOTA GENERAL |
| Nota general |
Libro de paginas de cartón. |
| 590 ## - NOTA LOCAL |
| Texto de la nota local |
Inventariado, 2025/VM |
| 650 #4 - ENCABEZAMIENTO DE MATERIA--TEMÁTICO |
| Término temático o nombre geográfico como elemento de entrada |
Cuentos infantiles ingleses. |
| 650 #4 - ENCABEZAMIENTO DE MATERIA--TEMÁTICO |
| Término temático o nombre geográfico como elemento de entrada |
Literatura infantil inglesa |
| Fuente del encabezamiento o término |
|
| 650 #4 - ENCABEZAMIENTO DE MATERIA--TEMÁTICO |
| Término temático o nombre geográfico como elemento de entrada |
Cortesía |
| Subdivisión de forma |
Cuentos infantiles |
| 700 1# - ASIENTO SECUNDARIO -- NOMBRE PERSONAL |
| Nombre personal |
Oneill, Rachael |
| Mención de responsabilidad |
ilustraciones |
| 700 12 - ASIENTO SECUNDARIO -- NOMBRE PERSONAL |
| Nombre personal |
Álba, Arlette de |
| Mención de responsabilidad |
trad. |
| 910 ## - VALIDACIÓN |
| Validación |
VMateo V. Control de calidad BPMSU |
| 942 ## - ADDED ENTRY ELEMENTS (KOHA) |
| Source of classification or shelving scheme |
Dewey Decimal Classification |
| Koha item type |
Libros |